000
00302nam a22001337a 4500
005
20160519165458.0
008
160519b xxu||||| |||| 00| 0 eng d
041
_a
eng
082
_b
3323
100
_a
Jain
_9
826
245
_a
Engineering Chemistry
650
_a
DIPLOMA ENGINEERING
_9
817
942
_c
BK
999
_c
1135
_d
1135